000 00384pam a2200157a 44500
008 230515b2011 xxu||||| |||| 00| 0 eng d
020 _aNULL
041 _aENGLISH
082 _a671.52
100 _aV.M.RADHAKRISHNAN
245 _aWELDING TECHNOLOGY & DESIGN
250 _a2010
260 _aDELHI
_bNEW AGE INTERNATIONAL (P) LIMITED
_c2011
300 _aXI-543
650 _aNULL
999 _c647575
_d647575